Depeche Mode - Broken lyrics - Statistics

General Stats
  • This quiz has been taken 13 times
  • The average score is 101 of 215
Answer Stats
Answer % Correct
you
100%
You
100%
I
88%
a
75%
A
75%
the
75%
all
63%
Do
63%
is
63%
see
63%
want
63%
be
50%
can
50%
He
50%
If
50%
it
50%
there
50%
There's
50%
to
50%
will
50%
your
50%
you're
50%
You're
50%
broken
38%
day
38%
don't
38%
fall
38%
from
38%
go
38%
have
38%
in
38%
me
38%
Now
38%
now
38%
pain
38%
reach
38%
so
38%
start
38%
that
38%
time
38%
were
38%
When
38%
allowed
25%
And
25%
another
25%
any
25%
away
25%
by
25%
cannot
25%
catch
25%
child
25%
control
25%
crown
25%
dream
25%
falling
25%
far
25%
for
25%
forgotten
25%
Forgotten
25%
friend
25%
future
25%
Get
25%
gone
25%
here
25%
his
25%
How
25%
knew?
25%
long
25%
lost
25%
make
25%
of
25%
Only
25%
place
25%
reign?
25%
remember
25%
Replaced
25%
somehow
25%
suffer?
25%
Wearing
25%
where
25%
Without
25%
without
25%
Words
25%
You'd
25%
found
13%
It's
13%
songs
13%
sound
13%
tears?
13%
No matching quizzes found
Score Distribution
Percent of People with Each Score
Percentile by Number Answered
Your Score History
You have not taken this quiz